5HLuxD.jpg

KING HENRY VIII SENIOR AND PRIMARY SCHOOL LIBRARY OPAC

THE GLORIOUMPTIOUS WORLD OF ROALD DAHL (Record no. 4100)

000 -LEADER
fixed length control field 00577nam a22001937a 4500
005 - DATE AND TIME OF LATEST TRANSACTION
control field 20251007103831.0
008 - FIXED-LENGTH DATA ELEMENTS--GENERAL INFORMATION
fixed length control field 250121b ||||| |||| 00| 0 eng d
020 ## - INTERNATIONAL STANDARD BOOK NUMBER
International Standard Book Number 9781783122158
040 ## - CATALOGING SOURCE
Transcribing agency KH8
082 ## - DEWEY DECIMAL CLASSIFICATION NUMBER
Classification number 823 DAH
100 ## - MAIN ENTRY--PERSONAL NAME
Personal name ROALD DAHL
Relator term DAHL,ROALD
245 ## - TITLE STATEMENT
Title THE GLORIOUMPTIOUS WORLD OF ROALD DAHL
300 ## - PHYSICAL DESCRIPTION
Extent 80 Pages
Other physical details Colour Illustration
Dimensions 28.9cm x 1.4cm x 22.5cm
500 ## - GENERAL NOTE
General note Colour illustration,Quentin Blake
650 ## - SUBJECT ADDED ENTRY--TOPICAL TERM
Source of heading or term Juvenile Fiction
Topical term or geographic name entry element Juvenile Fiction
655 ## - INDEX TERM--GENRE/FORM
Genre/form data or focus term Juvenile Fiction
700 ## - ADDED ENTRY--PERSONAL NAME
Personal name Blake,Quentin
Relator term Illustrator
942 ## - ADDED ENTRY ELEMENTS (KOHA)
Source of classification or shelving scheme
Koha item type Books - Fiction
Holdings
Withdrawn status Lost status Source of classification or shelving scheme Damaged status Not for loan Collection code Permanent Location Current Location Shelving location Date acquired Full call number Barcode Date last seen Price effective from Koha item type Public note
          Fiction KH8 Primary School Library KH8 Primary School Library Fiction 2025-01-21 E FIC DAH KHPL000005000 2025-07-01 2025-01-21 Books - Fiction KH8 PRIMARY LIBRARY

Powered By KH8 IT Dept